000 00617nam a2200217 i 4500
001 bg
100 1 _aTRĘBACKI, Kazimierz
245 1 0 _aPodstawy wytrzymałości materiałów /
_cKazimierz Trębacki.
260 _aGdańsk :
_bWydaw. Politechniki Gdańskiej,
_c2000.
300 _a198, [1] s. :
_brys. ;
_c24 cm.
504 _aBibliogr.
650 9 _aWytrzymałość materiałów
655 _aPodręczniki akademickie
020 _a8388007491
040 _cBPK
041 0 _apl
080 _a620.17:539.3/.6](075.8)
920 _a83-88007-49-1
942 _cKS
008 s pl f |000 0 pol
999 _c39535
_d39535
856 _uhttp://koha.tu.koszalin.pl/cgi-bin/koha/opac-detail.pl?biblionumber=39535
_yKatalog online BPK